|
|
|
|
| LEADER |
00000cam a2200000 7i4500 |
| 001 |
0000326486 |
| 005 |
20251218155436.0 |
| 007 |
t |
| 008 |
250721 may |
| 020 |
|
|
|a 9786297590882
|
| 040 |
|
|
|a MBPJ
|b eng
|c MBPJ
|e rda
|
| 090 |
0 |
0 |
|a 899.2309
|b WAC
|
| 245 |
0 |
0 |
|a Wacana Sastera :
|b SASTERAWAN NEGARA SITI ZAINON ISMAIL
|c Editor Fazilah Husin
|
| 264 |
|
1 |
|a Serdang, Selangor :
|b Universiti Putra Malaysia Press
|c 2024
|
| 264 |
|
4 |
|c ©2024
|
| 300 |
|
|
|a xi, 128 pages :
|b illustrations ;
|c 24 cm.
|
| 336 |
|
|
|a text
|2 rdacontent
|
| 337 |
|
|
|a unmediated
|2 rdamedia
|
| 338 |
|
|
|a volume
|2 rdacarrier
|
| 600 |
0 |
0 |
|a Siti Zainon Ismail
|x Authorship
|
| 650 |
|
0 |
|a Art
|x Analysis, interpretation, appreciation
|
| 650 |
|
0 |
|a Government publications
|z Malaysia
|
| 650 |
|
0 |
|a Malay essays
|x History and criticism
|
| 650 |
|
0 |
|a Malay literature
|x Criticism, Textual
|
| 650 |
|
0 |
|a Malay literature
|x History and criticism
|
| 700 |
0 |
|
|a Fazilah Husin ,
|c Dr. ,
|d 1971- ,
|e editor
|
| 999 |
|
|
|a 00423867
|b BUKU
|c PINJAMAN
|e PERPUSTAKAAN KOMUNITI PETALING JAYA
|